<?xml version="1.0" encoding="UTF-8"?>
<record
    xmlns:xsi="http://www.w3.org/2001/XMLSchema-instance"
    xsi:schemaLocation="http://www.loc.gov/MARC21/slim http://www.loc.gov/standards/marcxml/schema/MARC21slim.xsd"
    xmlns="http://www.loc.gov/MARC21/slim">

  <leader>00874cam a22002651  4500</leader>
  <controlfield tag="001">sa 66003274 </controlfield>
  <controlfield tag="003">DLC</controlfield>
  <controlfield tag="005">20260227112234.0</controlfield>
  <controlfield tag="008">890619s1965    ii       b    000 0 hino </controlfield>
  <datafield tag="010" ind1=" " ind2=" ">
    <subfield code="a">sa 66003274 </subfield>
  </datafield>
  <datafield tag="035" ind1=" " ind2=" ">
    <subfield code="a">(OCoLC)19891934</subfield>
  </datafield>
  <datafield tag="040" ind1=" " ind2=" ">
    <subfield code="a">DLC</subfield>
    <subfield code="c">WaU</subfield>
    <subfield code="d">NRU</subfield>
    <subfield code="d">DLC</subfield>
  </datafield>
  <datafield tag="042" ind1=" " ind2=" ">
    <subfield code="a">premarc</subfield>
  </datafield>
  <datafield tag="050" ind1="0" ind2="0">
    <subfield code="a">PK2095.M3</subfield>
    <subfield code="b">Z85</subfield>
  </datafield>
  <datafield tag="100" ind1="1" ind2=" ">
    <subfield code="a">Saxena, Sudha.</subfield>
  </datafield>
  <datafield tag="245" ind1="1" ind2="0">
    <subfield code="a">J&#x101;yas&#x12B; k&#x12B; bimba yojan&#x101;.</subfield>
    <subfield code="b">A study of imagery in Jayasi.</subfield>
    <subfield code="c">lekhik&#x101; Sudh&#x101; Saksen&#x101;.</subfield>
  </datafield>
  <datafield tag="250" ind1=" " ind2=" ">
    <subfield code="a">[1. sa&#x1E43;skara&#x1E47;a]</subfield>
  </datafield>
  <datafield tag="260" ind1=" " ind2=" ">
    <subfield code="a">Dill&#x12B;,</subfield>
    <subfield code="b">A&#x15B;oka Prak&#x101;&#x15B;ana [1966, i.e. 1965]</subfield>
  </datafield>
  <datafield tag="300" ind1=" " ind2=" ">
    <subfield code="a">xv, 440 p.</subfield>
    <subfield code="c">23 cm.</subfield>
  </datafield>
  <datafield tag="500" ind1=" " ind2=" ">
    <subfield code="a">In Hindi.</subfield>
  </datafield>
  <datafield tag="500" ind1=" " ind2=" ">
    <subfield code="a">"&#x100;gar&#x101; Vi&#x15B;vavidy&#x101;laya k&#x12B; P&#x12B;.-Eca. &#x1E0C;&#x12B; k&#x12B; up&#x101;dhi ke lie sv&#x12B;k r&#x325;ta &#x15B;odha-prabandha."</subfield>
  </datafield>
  <datafield tag="504" ind1=" " ind2=" ">
    <subfield code="a">Bibliography: p. [436]-440.</subfield>
  </datafield>
  <datafield tag="600" ind1="0" ind2="0">
    <subfield code="a">Malik Muhammad Jayasi,</subfield>
    <subfield code="d">active 1540.</subfield>
  </datafield>
  <datafield tag="740" ind1="0" ind2=" ">
    <subfield code="a">Study of imagery in Jayasi.</subfield>
  </datafield>
  <datafield tag="999" ind1=" " ind2=" ">
    <subfield code="c">68768</subfield>
    <subfield code="d">68768</subfield>
  </datafield>
</record>
